000
00338nam a22001457a 4500
008
210304b ||||| |||| 00| 0 eng d
020
_a
9780558420390
041
_a
eng
080
_2
2nd
_a
33
082
_a
33
100
_a
58
101
_a
BIZ
245
_a
Strategies Build on your best for Career Success
_c
Pearson
942
_2
udc
_c
BK
999
_c
55754
_d
55754